000 00593cam a22002053a 4500
001 40576
003 PGUSA
005 20140828083915.0
008 120825s2012||||xxu|||||s|||||000 | eng d
040 _aPGUSA
_beng
042 _adc
100 1 _aRichards, Alice Lewis
245 1 0 _aSmiles :
_bA Book of Recitations for Girls
_h[electronic resource] /
_cAlice Lewis Richards
260 _bProject Gutenberg,
_c2012
506 _aPublic domain in the USA.
516 _aElectronic text
830 0 _aProject Gutenberg
_v40576
856 4 0 _uhttp://www.gutenberg.org/ebooks/40576
942 _cEB
999 _c269829
_d269829